Introduction to quantum field theory (Record no. 29628)

MARC details
000 -LEADER
fixed length control field 01773nam a2200301Ia 4500
003 - CONTROL NUMBER IDENTIFIER
control field OSt
005 - DATE AND TIME OF LATEST TRANSACTION
control field 20250903163239.0
008 - FIXED-LENGTH DATA ELEMENTS--GENERAL INFORMATION
fixed length control field 220909b |||||||| |||| 00| 0 eng d
020 ## - INTERNATIONAL STANDARD BOOK NUMBER
International Standard Book Number 8187169524
037 ## - SOURCE OF ACQUISITION
Terms of availability Textual
040 ## - CATALOGING SOURCE
Original cataloging agency CSL
Language of cataloging eng
Transcribing agency CSL
041 ## - LANGUAGE CODE
Language code of text/sound track or separate title eng
084 ## - COLON CLASSIFICATION NUMBER
Classification number CN30 N5;9
Assigning agency CSL
100 ## - MAIN ENTRY--PERSONAL NAME
Personal name Peskin, Michael E.
Relator term author
9 (RLIN) 713496
245 #0 - TITLE STATEMENT
Title Introduction to quantum field theory
260 ## - PUBLICATION, DISTRIBUTION, ETC.
Place of publication, distribution, etc. Kolkata:
Name of publisher, distributor, etc. Levant Books,
Date of publication, distribution, etc. 1995
300 ## - PHYSICAL DESCRIPTION
Extent xxii, 842p.
500 ## - GENERAL NOTE
General note Appendix A1-A6, 801-810p.; Bibliography 811-816p.; Index 817-842p.
520 ## - SUMMARY, ETC.
Summary, etc. An Introduction to Quantum Field Theory is a textbook intended for the graduate physics course covering relativistic quantum mechanics, quantum electrodynamics, and Feynman diagrams. The authors make these subjects accessible through carefully worked examples illustrating the technical aspects of the subject, and intuitive explanations of what is going on behind the mathematics. After presenting the basics of quantum electrodynamics, the authors discuss the theory of renormalization and its relation to statistical mechanics, and introduce the renormalization group. This discussion sets the stage for a discussion of the physical principles that underlie the fundamental interactions of elementary particle physics and their description by gauge field theories.
650 ## - SUBJECT ADDED ENTRY--TOPICAL TERM
Topical term or geographic name entry element Field theory
9 (RLIN) 820001
650 ## - SUBJECT ADDED ENTRY--TOPICAL TERM
Topical term or geographic name entry element Quantum field theory
9 (RLIN) 820002
650 ## - SUBJECT ADDED ENTRY--TOPICAL TERM
Topical term or geographic name entry element Quantum physics
9 (RLIN) 820003
650 ## - SUBJECT ADDED ENTRY--TOPICAL TERM
Topical term or geographic name entry element Physics
700 ## - ADDED ENTRY--PERSONAL NAME
Personal name Schroeder, Daniel V.
Relator term co-author
9 (RLIN) 820004
942 ## - ADDED ENTRY ELEMENTS (KOHA)
Classification part CN30 N5;9
Koha item type Textual
Source of classification or shelving scheme Colon Classification (CC)
Suppress in OPAC No
Holdings
Withdrawn status Lost status Source of classification or shelving scheme Damaged status Not for loan Home library Current library Date acquired Source of acquisition Total Checkouts Full call number Barcode Date due Date last seen Date last checked out Price effective from Koha item type Public note
    Colon Classification (CC)     Central Science Library Central Science Library 2022-09-12 0002004, 10/02/2010, Narosa Book Distributors Pvt. Ltd. 2 CN30 N5;9 SL1446565 2026-03-30 2026-03-16 2026-03-16 2022-09-12 Textual {Indian edition 2005}.
Copyright @ Delhi University Library System